I'm A Celebrity 2024 - Statistics

General Stats
  • This quiz has been taken 145 times
    110 since last reset
  • The average score is 10 of 12
Answer Stats
Occupation Age Answer % Correct
McFly Star 38 Danny Jones
97%
Content Creator 25 GK Barry
88%
N-Dubz Singer 36 Tulisa Contostavlos
87%
Loose Women Presenter 62 Jane Moore
86%
Dancer 34 Oti Mabuse
84%
Former Boxer 63 Barry McGuigan
80%
Radio Presenter 32 Dean McCullough
77%
TV Personality 38 Coleen Rooney
75%
Radio & TV Presenter 44 Melvin Odoom
75%
Coronation Street Actor 42 Alan Halsall
74%
TV Personality 34 Maura Higgins
74%
Writer 62 Rev Richard Coles
74%
No matching quizzes found
Score Distribution
Percent of People with Each Score
Percentile by Number Answered
Your Score History
You have not taken this quiz since the last reset